Ensayos sobre pensamiento económico (Registro nro. 4328)
[ vista simple ]
| 000 -LEADER | |
|---|---|
| fixed length control field | 01411 a2200217 4500 |
| 001 - CONTROL NUMBER | |
| control field | 47257 |
| 005 - DATE AND TIME OF LATEST TRANSACTION | |
| control field | 20260407155740.0 |
| 008 - FIXED-LENGTH DATA ELEMENTS--GENERAL INFORMATION | |
| fixed length control field | 260407a1993 arg spa d |
| 003 - CONTROL NUMBER IDENTIFIER | |
| control field | AR-UNSa-BCEJYS |
| 040 ## - CATALOGING SOURCE | |
| Original cataloging agency | AR-UNSa-BCEJYS |
| Language of cataloging | spa |
| Transcribing agency | AR-UNSa-BCEJYS |
| 080 ## - UNIVERSAL DECIMAL CLASSIFICATION NUMBER | |
| Universal Decimal Classification number | 330.8 |
| Common auxiliary subdivision | Historia de las teorías, Doctrinas, Dogmas económicos (pensamiento económico) |
| 020 ## - INTERNATIONAL STANDARD BOOK NUMBER | |
| International Standard Book Number | 84-481-1958-4 |
| 100 1# - MAIN ENTRY--PERSONAL NAME | |
| Personal name | De la Iglesia, Jesús |
| 245 10 - TITLE STATEMENT | |
| Title | Ensayos sobre pensamiento económico |
| 264 #1 - PRODUCTION, PUBLICATION, DISTRIBUTION, MANUFACTURE, AND COPYRIGHT NOTICE | |
| Place of production, publication, distribution, manufacture | Madrid : |
| Name of producer, publisher, distributor, manufacturer | McGraw-Hill |
| Date of production, publication, distribution, manufacture, or copyright notice | 1993 |
| 300 ## - PHYSICAL DESCRIPTION | |
| Extent | 230 p. |
| Dimensions | 24 cm. |
| 505 ## - FORMATTED CONTENTS NOTE | |
| Formatted contents note | 1. Introducción / Pedro Schwartz - 2. Entre el feudalismo y el liberalismo : diversidad de doctrinas y políticas <<mercantiles>> en Europa / Luis Perdices Blas - 3. El pensamiento clásico / Victoriano Marín - 4. Los liberales de Cádiz / Jesús de la Iglesia - 5. El marxismo / Carlos Berzosa - 6. El enfoque microeconómico : marginalismo y neoclásicos / Fernando Méndez Ibisate - 7. Pensamiento y economía monetaria en España durante la Segunda República / Juan Hernández Andreu - 8. El Keynesianismo / Miguel Ángel Galindo Martín - 9. Los postkeynesianos / Miguel Ángel Galindo Martín - 10. Del desarrollo hacia adentro al desarrollo desde dentro / Osvaldo Sunkel. |
| 590 ## - LOCAL NOTE (RLIN) | |
| Local note | niveau_biblio:m niveau_hierar:0 |
| 856 41 - ELECTRONIC LOCATION AND ACCESS | |
| Uniform Resource Identifier | <a href="https://www.biblioeco.unsa.edu.ar/pmb/images/libros/L127445.jpg">https://www.biblioeco.unsa.edu.ar/pmb/images/libros/L127445.jpg</a> |
| Link text | Imagen de portada |
| Electronic format type | image/jpeg |
| 942 ## - ADDED ENTRY ELEMENTS (KOHA) | |
| Koha item type | |
| Withdrawn status | Lost status | Damaged status | Not for loan | Home library | Current library | Shelving location | Date acquired | Total checkouts | Full call number | Barcode | Date last seen | Price effective from | Koha item type |
|---|---|---|---|---|---|---|---|---|---|---|---|---|---|
| Biblioteca Prof. Eusebio Cleto del Rey | Biblioteca Prof. Eusebio Cleto del Rey | 07/04/2026 | 330.8 D278 | L127445 | 07/04/2026 | 07/04/2026 | Libro |